Inorganic chemistry / (Record no. 12153)
[ view plain ]
| 000 -LEADER | |
|---|---|
| fixed length control field | 00865nam a22002651 4500 |
| 001 - CONTROL NUMBER | |
| control field | 1222020 |
| 005 - DATE AND TIME OF LATEST TRANSACTION | |
| control field | 20240818092926.0 |
| 008 - FIXED-LENGTH DATA ELEMENTS--GENERAL INFORMATION | |
| fixed length control field | 861103s1960 maua 000 0 eng |
| 010 ## - | |
| -- | 60005284 |
| 040 ## - CATALOGING SOURCE | |
| Original cataloging agency | DLC/ICU |
| Transcribing agency | ICU |
| Modifying agency | DLC |
| 050 00 - LIBRARY OF CONGRESS CALL NUMBER | |
| Classification number | QD151 |
| Item number | .K65 |
| 082 00 - DEWEY DECIMAL CLASSIFICATION NUMBER | |
| Classification number | 546 |
| Item number | KLE |
| 100 1# - MAIN ENTRY--PERSONAL NAME | |
| Personal name | Kleinberg, Jacob |
| Dates associated with a name | 1914- |
| 9 (RLIN) | 7375 |
| 245 10 - TITLE STATEMENT | |
| Title | Inorganic chemistry / |
| Statement of responsibility, etc | Jacob Kleinberg, William J. Argersinger, Ernest Griswold. |
| 260 ## - | |
| -- | Boston, |
| -- | Heath and company, |
| -- | c1960. |
| 300 ## - PHYSICAL DESCRIPTION | |
| Extent | viii, 680 p. |
| Other physical details | ill.; |
| Dimensions | 24 cm. |
| 336 ## - CONTENT TYPE | |
| Source | rdacontent |
| Content type term | text |
| Content type code | txt |
| 337 ## - MEDIA TYPE | |
| Media type term | unmediated |
| Source | rdamedia |
| Media type code | n |
| 338 ## - CARRIER TYPE | |
| Carrier type term | volume |
| Carrier type code | nc |
| Source | rdacarrier |
| 504 ## - BIBLIOGRAPHY, ETC. NOTE | |
| Bibliography, etc | Includes bibliographical references and index. |
| 650 #0 - SUBJECT ADDED ENTRY--TOPICAL TERM | |
| Topical term or geographic name as entry element | Chemistry, Inorganic. |
| 9 (RLIN) | 7376 |
| 700 1# - ADDED ENTRY--PERSONAL NAME | |
| Personal name | Argersinger, William J. |
| 9 (RLIN) | 7377 |
| 700 1# - ADDED ENTRY--PERSONAL NAME | |
| Personal name | Griswold, Ernest |
| 9 (RLIN) | 7378 |
| 942 ## - ADDED ENTRY ELEMENTS (KOHA) | |
| Source of classification or shelving scheme | Dewey Decimal Classification |
| Koha item type | Book - Borrowing |
| Classification part | RDA-MOD |
| Withdrawn status | Lost status | Source of classification or shelving scheme | Damaged status | Not for loan | Collection code | Home library | Current library | Shelving location | Date acquired | Source of acquisition | Cost, normal purchase price | Total Checkouts | Total Renewals | Full call number | Barcode | Date last seen | Date checked out | Koha item type |
|---|---|---|---|---|---|---|---|---|---|---|---|---|---|---|---|---|---|---|
| Dewey Decimal Classification | Alef-Baa | Central Library | Central Library | First floor | 01/07/2009 | Purchase | 150.00 | 1 | 73 | 546 KLE | 000017258 | 02/10/2025 | 15/11/2023 | Book - Borrowing |